02969aam a2200373 i 45000010008000000030006000080050017000140080041000310100017000720200018000890200015001070200015001220200018001370350017001550400088001720420014002600500019002740900021002930900029003141300034003432450065003772500028004422640049004702640011005193000053005305000022005835201780006056500024023856500019024097000044024289420008024729520100024809990015025808101157CaAEU20250319101617.0170929t20172017nyua 001 0ceng d a 2017446089 a9781465463289 a1465463283 a024122618X a9780241226186 aocn973806364 aYDXbengerdacYDXdDLCdNLEdORXdB@LdGK8dCHILDdOCLCFdIMDdOCLdUABdAEUdAEVC alccopycat00aN40b.A83 2017 a709.22 ARTbAEVC aN 40 A83 2017 foliobAEU0 aArtists (DK Publishing, Inc.)10aArtists b: their lives and works c/ foreword by Ross King. aFirst American edition. 1aNew York, New York :bDK Publishing,c[2017] 4c©2017 a360 pages :billustrations (some color) ;c31 cm aIncludes indexes. aExtraordinary reference book of over 80 famous painters, their lives, their loves, and their iconic paintings. This art book includes insightful biographies of artists accompanied with remarkable reproductions of their famous artworks. Begin with the early Renaissance and follow art movements through the centuries to some of the most well-known artists alive today. A gorgeous exploration of the defining people of the art world including pioneers such as Giotto and Jan van Eyck, the greats like Leonardo da Vinci and Raphael, and the visionaries like Frida Kahlo and Hokusai. The large format art book is overflowing with information and pictures of your favourite classics. The full-page prints are especially spectacular, allowing you to get the full effect of the work that inspired, defined, and encapsulated art movements. Over 500 years of the craft is discussed, with the chapters organised by century starting with "Before 1500" and ending with "1945 - Present". Each chapter features the relevant painters of those years with its own directory. Read about the historical context of art movements in sections which include timelines and fact panels giving incredible insight into the art world, the past lives of artists and their visions and techniques. Discover the unconventional stories of the artists' lives, including their influences, developments, friendships, loves, and rivalries. Read about the portraits that Holbein did for Henry VIII to play matchmaker, Caravaggio's astonishing reaction to a badly cooked artichoke, and the many romantic affairs of Picasso. Sometimes scandalous and often tumultuous, the lives of artists such as Raphael, Hogarth, van Gogh, O'Keeffe, Magritte, Warhol, and Kiefer are as interesting and captivating as their work. 0aArtistsvBiography. 0a ArtxHistory. aKing, Ross,d1962-ewriter of foreword. 2lcc 00102lcc4070aTBSbTBSd2025-03-19l0oN40 ARTr2025-03-19t1w2025-03-19y1zSOON AVAILABLE c4544d4544